Welcome to CU Library Online Public Access Catalogue (OPAC)

Bridgeway bible commentary (Record no. 2625)

MARC details
000 -LEADER
fixed length control field 00378nam a22001457a 4500
005 - DATE AND TIME OF LATEST TRANSACTION
control field 20250117123150.0
008 - FIXED-LENGTH DATA ELEMENTS--GENERAL INFORMATION
fixed length control field 250117b |||||||| |||| 00| 0 eng d
020 ## - INTERNATIONAL STANDARD BOOK NUMBER
International Standard Book Number 9780947342722
050 ## - LIBRARY OF CONGRESS CALL NUMBER
Classification number REF BS 491.2 FLE
Item number 1
100 ## - MAIN ENTRY--PERSONAL NAME
Personal name Fleming, Don
245 ## - TITLE STATEMENT
Title Bridgeway bible commentary
260 ## - PUBLICATION, DISTRIBUTION, ETC.
Place of publication, distribution, etc. Australia
Name of publisher, distributor, etc. Bridgeway publications
Date of publication, distribution, etc. 2005c
300 ## - PHYSICAL DESCRIPTION
Extent 604p
942 ## - ADDED ENTRY ELEMENTS (KOHA)
Source of classification or shelving scheme Library of Congress Classification
Koha item type Books
Suppress in OPAC No
999 ## -
-- 2625
-- 2625
Holdings
Withdrawn status Lost status Source of classification or shelving scheme Damaged status Not for loan Collection Home library Current library Shelving location Date acquired Total checkouts Full call number Barcode Date last seen Copy number Price effective from Koha item type
    Dewey Decimal Classification     Non-fiction Graduate Library (Christ Temple) Graduate Library (Christ Temple) Reference 01/17/2025   REF BS 491.2 FLE GSCT00000282 01/17/2025 1 01/17/2025 Books
    Library of Congress Classification     Reference Undergraduate Library (Christ Temple) Undergraduate Library (Christ Temple) General stacks 07/26/2025   REF BS491.2 FLE ulct00004191 07/26/2025 1 07/26/2025 Books
© 2023-2024 Copyright: Central University Libraries. All Rights Reserved | Created by: Mahone Tech Office